Normal view MARC view

Entry Personal Name

Number of records used in: 1

001 - CONTROL NUMBER

  • control field: 24705

003 - CONTROL NUMBER IDENTIFIER

  • control field: OSt

005 - DATE AND TIME OF LATEST TRANSACTION

  • control field: 20211105134906.0

008 - FIXED-LENGTH DATA ELEMENTS

  • fixed length control field: 211105|| aca||aabn | a|a d

040 ## - CATALOGING SOURCE

  • Original cataloging agency: OSt
  • Transcribing agency: OSt

100 ## - HEADING--PERSONAL NAME

  • Personal name: Kylafis, Nikolaos D., ed

670 ## - SOURCE DATA FOUND

  • Source citation: Work cat.: (OSt): NATO ASI on the Physical of Star Formation and Early Evoluion-II Crete, Greece 1998 May 24 -June 5 24704, The origin of stars and planetary systems, 1999

Powered by Koha